Z jakiego państwa jest ten piłkarz? (poziom trudny) - Statystyki

Ogólne statystyki
  • Ten quiz został rozwiązany 375 razy
  • Średni wynik to 7 z 15
Statystyki odpowiedzi
Piłkarz Narodowość % Poprawnych
Alphonso Davies Kanada
97%
Milot Rashica Kosowo
68%
Taulant Xhaka Albania
60%
Youcef Atal Algieria
56%
Mahmud Hassan (Trézéguet) Egipt
55%
Chris Wood Nowa Zelandia
53%
Geoffrey Kondogbia Republika Środkowoafrykańska
50%
Yassine Bounou (Bono) Maroko
47%
Juan Iturbe Paragwaj
41%
Serey Dié Wybrzeże Kości Słoniowej
40%
Tom Rogic Australia
36%
Itumeleng Khune Republika Południowej Afryki
30%
Fakhreddine Ben Youssef Tunezja
29%
Mubarak Wakaso Ghana
25%
Aníbal Godoy Panama
10%
Nie znaleziono quizów pasujących do podanych kryteriów
Rozkład punktacji
Procent ludzi z każdym wynikiem
Percentyl według liczby udzielonych odpowiedzi
Twoja historia wyników
Nie rozwiązałeś tego quizu